Расчет на прочность рамы машины КПФ-6,4; Добыча, переработка и использование торфа

Dades bibliogràfiques
Parent link:Добыча, переработка и использование торфа.— 1971.— С. 47-52
Autor principal: Алексеев В. Г.
Idioma:rus
Publicat: 1971
Format: MixedMaterials Capítol de llibre
KOHA link:https://koha.lib.tpu.ru/cgi-bin/koha/opac-detail.pl?biblionumber=206438

MARC

LEADER 00000naa2a2200000 4500
001 206438
005 20231031190720.0
035 |a (RuTPU)RU\TPU\book\225039 
035 |a RU\TPU\book\225038 
090 |a 206438 
100 |a 20120111d1971 k y0rusy50 ca 
101 0 |a rus 
102 |a RU 
200 1 |a Расчет на прочность рамы машины КПФ-6,4  |f В. Г. Алексеев 
463 0 |0 (RuTPU)RU\TPU\book\225023  |t Добыча, переработка и использование торфа  |f Всесоюзный научно-исследовательский институт торфяной промышленности  |v С. 47-52  |d 1971  |p 150 с.  |s Труды Всесоюзного научно-исследовательского института торфяной промышленности ; Вып. 31 
700 1 |a Алексеев  |b В. Г. 
801 1 |a RU  |b 63413507  |c 20120111 
801 2 |a RU  |b 63413507  |c 20120111  |g RCR 
942 |c BK